Ballon d'Or - classement 2023 - Statistiques

Statistiques générales
  • Ce quiz a été pris 65 fois
  • Le résultat moyen est 27 sur 30
Statistiques - réponses
Poste Club Nationalité Rang Réponse % Correct
Attaquant Inter Miami Argentine 1 Lionel Messi
100%
Attaquant Manchester City Norvège 2 Erling Haaland
98%
Milieu Manchester City Belgique 4 Kevin De Bruyne
98%
Attaquant Paris Saint-Germain France 3 Kylian Mbappé
98%
Attaquant Real Madrid Brésil 6 Vinícius Júnior
98%
Milieu Real Madrid Croatie 10 Luka Modrić
97%
Attaquant Liverpool Egypte 11 Mohamed Salah
97%
Milieu Manchester City Espagne 5 Rodri
97%
Milieu Manchester City Portugal 9 Bernardo Silva
95%
Attaquant FC Barcelone Pologne 12 Robert Lewandowski
95%
Attaquant Atlético Madrid France 21 Antoine Griezmann
93%
Attaquant Al-Ittihad France 16 Karim Benzema
93%
Attaquant Naples Nigeria 8 Victor Osimhen
93%
Gardien Aston Villa Argentine 15 Emiliano Martínez
91%
Attaquant Bayern Munich Angleterre 19 Harry Kane
91%
Milieu Real Madrid Angleterre 18 Jude Bellingham
91%
Attaquant Naples Géorgie 17 Khvicha Kvaratskhelia
91%
Attaquant Inter Milan Argentine 20 Lautaro Martínez
91%
Gardien Al-Hilal Maroc 13 Yassine Bounou
90%
Milieu Arsenal Norvège 29 Martin Ødegaard
86%
Gardien Manchester United Cameroun 23 André Onana
84%
Attaquant Arsenal Angleterre 24 Bukayo Saka
84%
Attaquant Manchester City Argentine 7 Julián Álvarez
84%
Défenseur Manchester City Portugal 30 Rúben Dias
84%
Défenseur Manchester City Croatie 25 Joško Gvardiol
83%
Milieu FC Barcelone Allemagne 14 İlkay Gündoğan
78%
Milieu Inter Milan Italie 27 Nicolò Barella
74%
Attaquant Paris Saint-Germain France 28 Randal Kolo Muani
71%
Défenseur Bayern Munich Corée du Sud 22 Kim Min-jae
69%
Milieu Bayern Munich Allemagne 26 Jamal Musiala
67%
Aucun quiz correspondant
Distribution des résultats
% des personnes avec chaque résultat
Percentile par nombre de réponses
Votre historique - résultats
Vous n’avez pas pris ce quiz